| Tag |
First Indicator |
Second Indicator |
Subfields |
| LEADER |
00000cam a2200000 i 4500 |
| 001 |
in00005677448 |
| 003 |
OCoLC |
| 005 |
20260116120145.9 |
| 008 |
240523s2025 nyua j 000 f eng |
| 010 |
|
|
|a 2024003283
|
| 024 |
8 |
|
|a 40033038785
|
| 040 |
|
|
|a DLC
|b eng
|e rda
|c DLC
|d OCLCO
|d BDX
|d IG#
|d OCO
|d ZVR
|d OCLCO
|d CHY
|d IUK
|d JBI
|d NTG
|d SDD
|d OCLCQ
|d JQW
|d OCLCO
|d SINLB
|d OCLCO
|d FLW
|d MDB
|d XFF
|d EHH
|d CNCAR
|d YDX
|
| 019 |
|
|
|a 1464915706
|a 1513128739
|
| 020 |
|
|
|a 9781665956079
|q hardcover
|
| 020 |
|
|
|a 1665956070
|q hardcover
|
| 020 |
|
|
|z 9781665956093
|q electronic book
|
| 035 |
|
|
|a (OCoLC)1435632947
|z (OCoLC)1464915706
|z (OCoLC)1513128739
|
| 042 |
|
|
|a pcc
|
| 050 |
0 |
0 |
|a PZ7.5.S86
|b Pl 2025
|
| 050 |
|
4 |
|a PS3619.U45998
|b P54 2025
|
| 082 |
0 |
4 |
|a 813/.6
|a [Fic]
|2 23/eng/20260116
|
| 100 |
1 |
|
|a Sumner, Jamie,
|e author.
|1 https://id.oclc.org/worldcat/entity/E39PCjyJCf3tBMGvjcQP3pQyVC
|
| 245 |
1 |
0 |
|a Please pay attention /
|c Jamie Sumner.
|
| 250 |
|
|
|a First edition.
|
| 264 |
|
1 |
|a New York, NY :
|b Atheneum Books for Young Readers,
|c [2025]
|
| 300 |
|
|
|a 228 pages :
|b illustrations ;
|c 22 cm
|
| 336 |
|
|
|a text
|b txt
|2 rdacontent
|
| 337 |
|
|
|a unmediated
|b n
|2 rdamedia
|
| 338 |
|
|
|a volume
|b nc
|2 rdacarrier
|
| 385 |
|
|
|a Children
|2 lcdgt
|
| 520 |
|
|
|a After surviving a school shooting that left her feeling helpless in her wheelchair, Bea finds healing and empowerment through horseback riding therapy and begins to advocate for change.
|
| 521 |
1 |
|
|a Ages 10 up.
|
| 586 |
|
|
|a School Library Journal Best Books, 2025
|
| 650 |
|
0 |
|a Children with disabilities
|v Juvenile fiction.
|
| 650 |
|
0 |
|a School shootings
|v Juvenile fiction.
|
| 650 |
|
0 |
|a Helplessness (Psychology)
|v Juvenile fiction.
|
| 650 |
|
0 |
|a Psychic trauma
|v Juvenile fiction.
|
| 650 |
|
0 |
|a Resilience (Personality trait)
|v Juvenile fiction.
|
| 650 |
|
0 |
|a Horsemanship for people with disabilities
|v Juvenile fiction.
|
| 650 |
|
0 |
|a People with disabilities
|v Juvenile fiction.
|
| 650 |
|
0 |
|a Novels in verse.
|
| 650 |
|
1 |
|a People with disabilities
|v Fiction.
|
| 650 |
|
1 |
|a Horsemanship for people with disabilities
|v Fiction.
|
| 650 |
|
1 |
|a Psychic trauma
|v Fiction.
|
| 650 |
|
1 |
|a School shootings
|v Fiction.
|
| 650 |
|
1 |
|a Novels in verse.
|
| 650 |
|
6 |
|a Enfants handicapés
|0 (CaQQLa)201-0009476
|v Romans, nouvelles, etc. pour la jeunesse.
|0 (CaQQLa)201-0376960
|
| 650 |
|
6 |
|a Meurtre multiple dans les écoles
|0 (CaQQLa)201-0335126
|v Romans, nouvelles, etc. pour la jeunesse.
|0 (CaQQLa)201-0376960
|
| 650 |
|
6 |
|a Détresse
|0 (CaQQLa)201-0072420
|v Romans, nouvelles, etc. pour la jeunesse.
|0 (CaQQLa)201-0376960
|
| 650 |
|
6 |
|a Traumatisme psychique
|0 (CaQQLa)201-0049163
|v Romans, nouvelles, etc. pour la jeunesse.
|0 (CaQQLa)201-0376960
|
| 650 |
|
6 |
|a Résilience (Trait de personnalité)
|0 (CaQQLa)201-0192099
|v Romans, nouvelles, etc. pour la jeunesse.
|0 (CaQQLa)201-0376960
|
| 650 |
|
6 |
|a Équitation pour personnes handicapées
|0 (CaQQLa)201-0145047
|v Romans, nouvelles, etc. pour la jeunesse.
|0 (CaQQLa)201-0376960
|
| 650 |
|
6 |
|a Personnes handicapées
|0 (CaQQLa)201-0063084
|v Romans, nouvelles, etc. pour la jeunesse.
|0 (CaQQLa)201-0376960
|
| 650 |
|
6 |
|a Roman en vers.
|0 (CaQQLa)000264050
|
| 655 |
|
0 |
|a Novels in verse.
|
| 655 |
|
7 |
|a Novels in verse.
|2 lcgft
|
| 655 |
|
7 |
|a Social problem fiction.
|2 lcgft
|
| 655 |
|
7 |
|a Romans en vers.
|2 rvmgf
|0 (CaQQLa)RVMGF-000000577
|
| 945 |
|
|
|b 618351
|
| 947 |
|
|
|a A14852303792
|
| 980 |
|
|
|b print
|c 40033038785
|g 565712
|k USD
|m 16.19
|q 1
|s AcqMono Conventional
|t Approval plan
|u Vendor order reference number
|v ZYBP
|y Print approval
|z Physical resource
|
| 999 |
f |
f |
|i a8f46394-9b7a-4107-a375-7b43f50cb677
|s 8c90d6e9-bee6-4809-ba78-af077c804262
|t 0
|
| 952 |
f |
f |
|p normal
|a Texas A&M University
|b College Station
|c Sterling C. Evans Library
|s Evans curr
|d Evans: Curriculum Collection (4th floor)
|t 0
|e PZ7.5.S86 Pl 2025
|h Library of Congress classification
|i unmediated -- volume
|m A14852303792
|
| 998 |
f |
f |
|a PZ7.5.S86 Pl 2025
|t 0
|l Evans: Curriculum Collection (4th floor)
|